000 00373nam a2200145 i 4500
001 bg
100 1 _aLUBCZYŃSKI, Maciej
245 0 _aSamochody samowyładowcze... /
_cMaciej Lubczyński, Stanisław Mazurek.
260 _aWarszawa,
_c1978.
700 1 _aMAZUREK, Stanisław
040 _cBPK
041 _apol
942 _cKS
008 s pl f |000 0 pol
999 _c9797
_d9797
856 _uhttp://koha.tu.koszalin.pl/cgi-bin/koha/opac-detail.pl?biblionumber=9797
_yKatalog online BPK